000 00641nam a2200217Ii 4500
003 JO-AjNU
008 230606s9999||||xx |||||||||||||| ||und||
020 _a978-93-5014-032-1
040 _aJO-AjNU
_beng
_erda
_cJO-AjNU
041 _aeng
050 1 4 _aTK5105.5S52 2011
100 3 _aSharma,Sanjia,
_eauthor
_92771
245 0 2 _aA course in Computer Net works principles, technologies and protocols
250 _a1 ed
264 3 1 _aNew Delhi:S.K KATARIA,2014
300 _a700p
336 _atext
_btxt
_2rdacontent
337 _aunmediated
_bn
_2rdamedia
338 _avolume
_bnc
_2rdacarrier
650 4 _aComputer Networks
_92772
999 _aE1451
_c1451
_d1451